[Event "Hamburg-chA"]
[Site "Hamburg"]
[Date "2012.05.27"]
[Round "2"]
[White "Oesterheld, Caspar"]
[Black "Hotze, Kurt"]
[Result "0-1"]
[WhiteElo "1378"]
[BlackElo "1601"]
[PlyCount "70"]
[EventDate "2012.05.26"]
[EventType "swiss"]
[EventRounds "9"]
[EventCountry "GER"]
[SourceTitle "CBM 148 Extra"]
[Source "ChessBase"]
[SourceDate "2012.06.22"]
[SourceVersion "1"]
[SourceVersionDate "2012.06.22"]
[SourceQuality "1"]

1. e4 e6 2. d4 d5 3. e5 c5 4. c3 Nc6 5. Nf3 Qb6 6. Be2 cxd4 7. cxd4 Nge7 8. Na3 Nf5 9. Nc2 Be7 10. 0-0 0-0 11. Rb1 f6 12. g4 fxe5 13. gxf5 e4 14. Nfe1 exf5 15. Ng2 Bd6 16. f4 Be6 17. Be3 Rac8 18. a3 Qd8 19. Qe1 Be7 20. Kh1 Kh8 21. Rg1 Rg8 22. Bf2 Na5 23. Nce3 Nc4 24. Nxc4 dxc4 25. Rc1 b5 26. Ne3 g5 27. Ng2 g4 28. Qc3 Bf6 29. Rgd1 Rc7 30. Qe3 Bd5 31. Rd2 h5 32. h4 gxh3 33. Qxh3 e3 34. Qxh5+ Rh7 35. Qxh7+ Kxh7 0-1

[Event "Hamburg-chA"]
[Site "Hamburg"]
[Date "2012.05.26"]
[Round "1"]
[White "Malicki, Rudolfo"]
[Black "Oesterheld, Caspar"]
[Result "0-1"]
[WhiteElo "1626"]
[BlackElo "1378"]
[PlyCount "54"]
[EventDate "2012.05.26"]
[EventType "swiss"]
[EventRounds "9"]
[EventCountry "GER"]
[SourceTitle "CBM 148 Extra"]
[Source "ChessBase"]
[SourceDate "2012.06.22"]
[SourceVersion "1"]
[SourceVersionDate "2012.06.22"]
[SourceQuality "1"]

1. c4 Nf6 2. g3 e5 3. Bg2 c6 4. d4 exd4 5. Qxd4 d5 6. Nf3 Be6 7. Ng5 Nbd7 8. Nxe6 fxe6 9. cxd5 exd5 10. 0-0 Bc5 11. Qc3 0-0 12. b4 Bb6 13. Bb2 Qe7 14. e3 Rf7 15. Nd2 Raf8 16. Rae1 Ng4 17. Nb3 Nxf2 18. a4 Ng4 19. Nd4 Qg5 20. a5 Bxd4 21. Qxd4 Rxf1+ 22. Bxf1 Nde5 23. Bg2 Nf3+ 24. Bxf3 Rxf3 25. e4 Nxh2 26. Re2 Qxg3+ 27. Rg2 Rf1# 0-1